|
|
|
|
| LEADER |
00000nam a22000005a 4500 |
| 001 |
1003 |
| 003 |
CL-ChBUA |
| 005 |
20120815102720.0 |
| 008 |
070301s1960 ag 000 0 spa |
| 040 |
|
|
|a CL-ChBUA
|c CL-ChBUA
|
| 082 |
0 |
0 |
|a 176
|
| 090 |
|
|
|c 1003
|d 1003
|
| 100 |
1 |
|
|a Shryock, Haroldo.
|
| 245 |
1 |
0 |
|a En el umbral de la vida
|
| 260 |
|
|
|b C.E.S.
|c 1960.
|
| 300 |
|
|
|c 20 cm.
|
| 504 |
|
|
|a Indice.
|
| 650 |
|
4 |
|a ETICA.
|
| 650 |
|
4 |
|a ADOLESCENCIA.
|
| 942 |
|
|
|c LIB
|
| 952 |
|
|
|0 0
|1 0
|4 0
|7 0
|9 1352
|a UNACH
|b UNACH
|c 100
|d 2007-03-05
|i 7.600.
|l 0
|o 176 / Sh 561e. T.1
|p 2351
|r 2016-04-18 00:00:00
|u 1352
|w 2012-08-08
|y LIB
|k 176 / Sh 561e. T.1
|
| 952 |
|
|
|0 0
|1 0
|4 0
|7 0
|9 54941
|a UNACH
|b UNACH
|c 100
|d 2008-01-10
|i 11.161
|l 0
|o 176 / Sh 561e. T.1-c.2
|p 56028
|r 2017-06-08 00:00:00
|u 54941
|w 2012-08-08
|y LIB
|k 176 / Sh 561e. T.1-c.2
|
| 999 |
|
|
|c 1003
|d 1003
|